Più vicino a Milano o Palermo? - Statistics

Statistiche generali
  • Questo quiz è stato fatto 336 volte
  • Il punteggio medio è 22 su 30
Statistiche sulle risposte
Hint Risposta % Corretto
Napoli Palermo
94%
Pisa Milano
93%
Pavia Milano
93%
Bari Palermo
93%
Firenze Milano
92%
Caserta Palermo
92%
Lecce Palermo
92%
Livorno Milano
90%
Agrigento Palermo
90%
Campobasso Palermo
88%
Perugia Milano
87%
Ancona Milano
84%
Grosseto Milano
84%
Arezzo Milano
83%
Isernia Palermo
82%
Cagliari Palermo
82%
Ascoli Piceno Milano
75%
Fermo Milano
73%
Latina Palermo
71%
Frosinone Palermo
71%
Sassari Palermo
66%
Terni Milano
62%
Macerata Milano
60%
L'Aquila Palermo
57%
Rieti Milano
55%
Roma Palermo
51%
Viterbo Milano
50%
Pescara Palermo
48%
Chieti Palermo
46%
Teramo Milano
37%
Nessun quiz corrispondente trovato
Distribuzione punteggi
Percentuale di utenti per punteggio
Percentile per numero di risposta
I tuoi punteggi nel tempo
Non hai fatto questo quiz